| 000 | 00863nam a2200289Ia 4500 | ||
|---|---|---|---|
| 001 | Z_1114 | ||
| 003 | CHAP | ||
| 008 | 220113s1985 xx 000 0 und d | ||
| 010 | _a164194 | ||
| 040 | _cCHAP | ||
| 082 | _a628.53 S3 | ||
| 100 |
_aSáinz Moreno, Laureano _9107284 |
||
| 245 |
_aAnimales y contaminación biótica ambiental / _cpor Laureano Sáinz Moreno y Carlos Compaire Fernández |
||
| 260 |
_a[s.l.] : _bInstituto de Estudios Agrarios, Pesqueros y Alimentarios, _c1985 |
||
| 300 | _a441 p | ||
| 440 | _a | ||
| 500 | _a | ||
| 503 | _a | ||
| 650 |
_aAnimales _xEfecto del medio ambiente I. Compaire Fernández, Carlos II.t.: Contaminación biótica ambiental III. t. _9138273 |
||
| 650 |
_aMedio ambiente _xContaminación _974069 |
||
| 901 | _a628.53 S3 | ||
| 902 | _aA | ||
| 910 | _a1985 | ||
| 942 | _c1 | ||
| 942 | _cc1 | ||
| 999 |
_c164194 _d164194 |
||